000 00656nam a2200253Ia 4500
005 20250425161937.0
008 250425s9999 xx 000 0 und d
020 _a9688807699
041 _aspa
082 _a671.52
110 _aAMERICAN WELDING SOCIETY
245 0 _aMANUAL DE SOLDADURA TOMO 3
250 _a8A ED.
260 _aMEXICO
260 _aMéxico
_bPRENTICE-HALL
_c1996
300 _a293
500 _aTítulo Traducido: WELDING HANDBOOK/WELDING PROCESSES
650 _aPROCESOS DE SOLDADURA
650 _aSOLDADURA
650 _aSOLDADURA POR FRICCION
650 _aSOLDADURA ULTRASONICA
942 _c01
010 _a36066
999 _c219351
_d219351